[Event "Speed Chess Invitational"]
[Site "chess.com INT"]
[Date "2020.10.25"]
[Round "2.5"]
[White "Grischuk, Alexander"]
[Black "Svidler, Peter"]
[Result "1-0"]
[WhiteTitle "GM"]
[BlackTitle "GM"]
[WhiteElo "2777"]
[BlackElo "2723"]
[WhiteFideId "4126025"]
[BlackFideId "4102142"]
[EventDate "2020.10.25"]

1. d4 Nf6 2. Nf3 g6 3. Nbd2 Bg7 4. e4 d6 5. Bb5+ c6 6. Be2 O-O 7. O-O Qc7 8. a4
e5 9. dxe5 dxe5 10. a5 h6 11. c3 Be6 12. Qc2 Nbd7 13. Bc4 Bxc4 14. Nxc4 b5 15.
axb6 axb6 16. Rxa8 Rxa8 17. b4 b5 18. Na5 c5 19. Qb1 Bf8 20. h3 Kg7 21. Bd2 c4
22. Be3 Be7 23. Rd1 Qc8 24. Qc1 h5 25. Ng5 Ra6 26. Qc2 Rd6 27. Rxd6 Bxd6 28. f3
Qa6 29. h4 Bc7 30. Qd2 Nb8 31. Bc5 Nbd7 32. Bf2 Kf8 33. Qa2 Ke7 34. Qa3 Qc8 35.
Nc6+ Kf8 36. Qa7 Bd6 37. Na5 Ne8 38. Nb7 Bb8 39. Qa8 Qc6 40. Nxf7 Nc7 41. Nxe5
Nxe5 42. Qxb8+ Kg7 43. Bd4 1-0

[Event "Speed Chess Invitational"]
[Site "chess.com INT"]
[Date "2020.10.25"]
[Round "2.6"]
[White "Svidler, Peter"]
[Black "Grischuk, Alexander"]
[Result "1-0"]
[WhiteTitle "GM"]
[BlackTitle "GM"]
[WhiteElo "2723"]
[BlackElo "2777"]
[WhiteFideId "4102142"]
[BlackFideId "4126025"]
[EventDate "2020.10.25"]

1. c4 g6 2. Nc3 c5 3. g3 Bg7 4. Bg2 Nc6 5. d3 Nf6 6. e4 d6 7. Nge2 O-O 8. h3 a6
9. Be3 Bd7 10. O-O Rb8 11. Rc1 b5 12. b3 Ne8 13. cxb5 axb5 14. d4 cxd4 15. Nxd4
Nxd4 16. Bxd4 Nf6 17. e5 dxe5 18. Bxe5 Rc8 19. Qd4 Qe8 20. Nd5 Rxc1 21. Rxc1 Be6
22. Nc7 Qd7 23. Bc6 Qxd4 24. Bxd4 Bxh3 25. Nxb5 Rc8 26. Na7 Rd8 27. Nb5 Ng4 28.
Bb6 Rd2 29. a4 Bb2 30. Rb1 Ne5 31. Be4 Re2 32. Bg2 Bf5 33. Rd1 Bc2 34. Rd8+ Kg7
35. f4 Ng4 36. Bf3 Re1+ 37. Kg2 h5 38. Bd4+ Bxd4 39. Nxd4 Bd3 40. Ne6+ Rxe6 41.
Rxd3 Ne3+ 42. Kf2 Nc2 43. Rd2 Nb4 44. Rd4 Rb6 45. Be2 Kf6 46. Bb5 Nc2 47. Rc4 e6
48. Rxc2 1-0

[Event "Speed Chess Invitational"]
[Site "chess.com INT"]
[Date "2020.10.25"]
[Round "2.7"]
[White "Grischuk, Alexander"]
[Black "Svidler, Peter"]
[Result "1-0"]
[WhiteTitle "GM"]
[BlackTitle "GM"]
[WhiteElo "2777"]
[BlackElo "2723"]
[WhiteFideId "4126025"]
[BlackFideId "4102142"]
[EventDate "2020.10.25"]

1. e4 e5 2. Nc3 Nc6 3. Bc4 Bc5 4. Qg4 g6 5. Qf3 Nf6 6. Nge2 d6 7. h3 h6 8. d3
Be6 9. Bxe6 fxe6 10. Be3 Bxe3 11. Qxe3 Qe7 12. O-O g5 13. d4 a6 14. d5 exd5 15.
exd5 Nd8 16. Ng3 Nf7 17. Nf5 Qd7 18. Ng7+ Ke7 19. Qd3 Rag8 20. Nf5+ Kd8 21. Ng3
Kc8 22. Qf3 Qe7 23. Nce4 Nxe4 24. Nxe4 Kb8 25. Qf6 Qxf6 26. Nxf6 Rg6 27. Ne4 h5
28. c4 Nh6 29. Rad1 Nf5 30. Rd3 g4 31. Kh2 Rhg8 32. g3 a5 33. h4 b6 34. f4 gxf3
35. Rdxf3 Nd4 36. Rf8+ Rxf8 37. Rxf8+ Kb7 38. Ng5 b5 39. cxb5 Nxb5 40. Rh8 Rf6
41. Kg2 Rf5 42. Rxh5 e4 43. Rh7 e3 44. Re7 Rxd5 45. Rxe3 Rd2+ 46. Kh3 d5 47. h5
Nd6 48. h6 Nf5 49. Rb3+ Kc6 50. h7 Rd1 51. h8=Q Rh1+ 52. Kg4 Rxh8 53. Kxf5 Rf8+
54. Ke5 Re8+ 55. Kd4 Kd6 56. Nf7+ Ke6 57. Ng5+ Kd6 58. Re3 c5+ 59. Kd3 Rg8 60.
Re6+ Kd7 61. Re5 Kc6 62. g4 Rg6 63. b3 Kd6 64. Nf7+ Kc6 65. Rg5 Rf6 66. Ne5+ Kd6
67. Ng6 1-0

[Event "Speed Chess Invitational"]
[Site "chess.com INT"]
[Date "2020.10.25"]
[Round "2.8"]
[White "Svidler, Peter"]
[Black "Grischuk, Alexander"]
[Result "1/2-1/2"]
[WhiteTitle "GM"]
[BlackTitle "GM"]
[WhiteElo "2723"]
[BlackElo "2777"]
[WhiteFideId "4102142"]
[BlackFideId "4126025"]
[EventDate "2020.10.25"]

1. c4 g6 2. g3 c5 3. Bg2 Bg7 4. Nf3 Nc6 5. O-O e6 6. Nc3 Nge7 7. a3 O-O 8. b4
Nxb4 9. axb4 cxb4 10. d4 bxc3 11. Ba3 Re8 12. Qb3 d5 13. Qxc3 b6 14. Ne5 Bb7 15.
e3 Rc8 16. Bxe7 Rxe7 17. Rxa7 Bxe5 18. dxe5 Rxc4 19. Qa3 Kg7 20. Rb1 Rd7 21. h4
Qc7 22. Bf1 Rc5 23. Bb5 Re7 24. Ba6 Qc6 25. Rxb7 Rxb7 26. Bxb7 Qc7 27. Ba6 Qxe5
28. Bf1 d4 29. exd4 Qxd4 30. Qb2 Qxb2 31. Rxb2 Rc6 32. Kg2 h5 33. Kf3 Kf6 34.
Ke4 Rd6 35. Bg2 Rc6 36. Kd4 Rd6+ 37. Kc4 Ke7 38. Kb5 Kf6 39. Bc6 Rd1 40. Kxb6
Ke7 41. Kc5 Rc1+ 42. Kb6 Rd1 43. Kc7 Rc1 44. Kb6 Rd1 1/2-1/2

[Event "Speed Chess Invitational"]
[Site "chess.com INT"]
[Date "2020.10.25"]
[Round "2.9"]
[White "Grischuk, Alexander"]
[Black "Svidler, Peter"]
[Result "1-0"]
[WhiteTitle "GM"]
[BlackTitle "GM"]
[WhiteElo "2777"]
[BlackElo "2723"]
[WhiteFideId "4126025"]
[BlackFideId "4102142"]
[EventDate "2020.10.25"]

1. e4 c6 2. d4 d5 3. e5 Bf5 4. Nf3 e6 5. Be2 c5 6. Be3 Qb6 7. Nc3 Nc6 8. O-O c4
9. Nh4 Bg6 10. Rb1 Qa5 11. a3 Nge7 12. g4 h5 13. Nxg6 Nxg6 14. gxh5 Nh4 15. Bg4
Ne7 16. Ne2 Nef5 17. Ng3 g6 18. hxg6 fxg6 19. Bg5 Be7 20. Bxh4 Rxh4 21. c3 Kd7
22. h3 Rah8 23. Kg2 Qd8 24. b3 b5 25. a4 b4 26. bxc4 dxc4 27. d5 Qb6 28. dxe6+
Kxe6 29. Qf3 b3 30. Nxf5 gxf5 31. Qxf5+ 1-0

[Event "Speed Chess Invitational"]
[Site "chess.com INT"]
[Date "2020.10.25"]
[Round "2.10"]
[White "Svidler, Peter"]
[Black "Grischuk, Alexander"]
[Result "1/2-1/2"]
[WhiteTitle "GM"]
[BlackTitle "GM"]
[WhiteElo "2723"]
[BlackElo "2777"]
[WhiteFideId "4102142"]
[BlackFideId "4126025"]
[EventDate "2020.10.25"]

1. c4 g6 2. e4 Bg7 3. d4 d6 4. Nc3 Nf6 5. f3 O-O 6. Nge2 a6 7. Bg5 b5 8. cxb5
axb5 9. Nxb5 c6 10. Nbc3 Nbd7 11. Qd2 e5 12. dxe5 Nxe5 13. Nd4 Qb6 14. Be2 Ba6
15. Be3 Rfb8 16. Nb3 Qb4 17. O-O Nc4 18. Bxc4 Bxc4 19. Rfd1 Bxb3 20. axb3 Rxa1
21. Rxa1 Qxb3 22. Qxd6 Rc8 23. Qa3 Qc4 24. Qa6 Qe6 25. Ne2 Nd5 26. Nd4 Qe8 27.
Bf2 Nf4 28. Ne2 Nxe2+ 29. Qxe2 Rb8 30. Rb1 Rb3 31. Qc2 Qe6 32. h3 h5 33. h4 Kh7
34. Rc1 Rxb2 35. Qxc6 Rb1 36. Qc2 Rb2 37. Qc5 Qa2 38. Rf1 Rc2 39. Qd5 Qxd5 40.
exd5 Rd2 1/2-1/2

[Event "Speed Chess Invitational"]
[Site "chess.com INT"]
[Date "2020.10.25"]
[Round "2.11"]
[White "Grischuk, Alexander"]
[Black "Svidler, Peter"]
[Result "1/2-1/2"]
[WhiteTitle "GM"]
[BlackTitle "GM"]
[WhiteElo "2777"]
[BlackElo "2723"]
[WhiteFideId "4126025"]
[BlackFideId "4102142"]
[EventDate "2020.10.25"]

1. e4 c5 2. Nf3 e6 3. c3 d5 4. exd5 exd5 5. d4 Nc6 6. Bb5 Nf6 7. O-O Be7 8. dxc5
Bxc5 9. Re1+ Be6 10. Be3 Be7 11. Nd4 Bd7 12. Nd2 O-O 13. N2f3 Bd6 14. Bg5 h6 15.
Bh4 g5 16. Bg3 Bc5 17. Bxc6 bxc6 18. Ne5 Ne4 19. Qh5 Kg7 20. Nexc6 Bxc6 21. Nxc6
Qb6 22. Nd4 Bxd4 23. cxd4 Qxb2 24. Be5+ f6 25. Bg3 Qxd4 26. Red1 Qb6 27. Rab1
Qe6 28. Rb7+ Rf7 29. Rxf7+ Qxf7 30. Qxf7+ Kxf7 31. Rxd5 Rc8 32. h3 Ke6 33. Ra5
f5 34. Ra6+ Kd5 35. Ra5+ Rc5 36. Rxa7 Rc1+ 37. Kh2 f4 38. Ra5+ Kd4 39. Ra4+ Kd3
40. Ra3+ Ke2 41. Bxf4 gxf4 42. Rf3 Nxf2 43. Rxf4 h5 44. Kg3 Rc3+ 45. Kh4 Rc5 46.
g4 hxg4 47. hxg4 Nd3 48. Rf5 Rc1 49. Kg5 Rg1 50. a4 Ke3 51. a5 Ra1 52. Kf6 Ke4
53. Rb5 Nf4 54. g5 Nd5+ 55. Kg7 Nc3 56. Rc5 Kd4 57. Rf5 Ke4 58. Rc5 Kd4 59. Rf5
Nd5 60. g6 Rxa5 61. Kh6 Ra6 62. Kh7 Rxg6 63. Rxd5+ Kxd5 64. Kxg6 1/2-1/2

[Event "Speed Chess Invitational"]
[Site "chess.com INT"]
[Date "2020.10.25"]
[Round "2.12"]
[White "Svidler, Peter"]
[Black "Grischuk, Alexander"]
[Result "1-0"]
[WhiteTitle "GM"]
[BlackTitle "GM"]
[WhiteElo "2723"]
[BlackElo "2777"]
[WhiteFideId "4102142"]
[BlackFideId "4126025"]
[EventDate "2020.10.25"]

1. d4 Nf6 2. c4 g6 3. f3 Bg7 4. e4 d6 5. Nc3 O-O 6. Nge2 a6 7. Bg5 Nbd7 8. Qd2
b5 9. cxb5 axb5 10. Nxb5 c6 11. Nbc3 e5 12. d5 Bb7 13. dxc6 Bxc6 14. Qxd6 Qb6
15. Qd2 Nc5 16. Ng3 Nb3 17. Be3 Qb7 18. axb3 Rxa1+ 19. Kf2 h5 20. Bc4 Rxh1 21.
Nxh1 Qb8 22. Ng3 Rd8 23. Qc1 h4 24. Nge2 h3 25. g4 Bf8 26. Kg3 Qb4 27. Kxh3 Be7
28. Kg2 Ne8 29. Ng3 Nd6 30. Nd5 Bxd5 31. Bxd5 Rc8 32. Qd1 Nb5 33. h4 Nd4 34. h5
Rc2+ 35. Kh3 gxh5 36. Bxd4 Rd2 37. Qc1 Qxd4 38. Qc8+ Bf8 39. Qf5 hxg4+ 40. Qxg4+
Kh8 41. Qh5+ 1-0

[Event "Speed Chess Invitational"]
[Site "chess.com INT"]
[Date "2020.10.25"]
[Round "2.13"]
[White "Grischuk, Alexander"]
[Black "Svidler, Peter"]
[Result "1-0"]
[WhiteTitle "GM"]
[BlackTitle "GM"]
[WhiteElo "2777"]
[BlackElo "2723"]
[WhiteFideId "4126025"]
[BlackFideId "4102142"]
[EventDate "2020.10.25"]

1. e4 c5 2. Nf3 e6 3. c3 b6 4. d4 Bb7 5. Bd3 Nf6 6. Qe2 d6 7. O-O Be7 8. Re1 O-O
9. Nbd2 Nbd7 10. Nf1 Re8 11. Ng3 Bf8 12. h3 g6 13. Bg5 h6 14. Be3 Bg7 15. Rad1
Qc7 16. a3 a6 17. b4 c4 18. Bc2 b5 19. a4 Bc6 20. Nd2 Nb6 21. a5 Nbd7 22. f4 e5
23. fxe5 dxe5 24. d5 Bb7 25. Rf1 Rf8 26. Rf2 Ne8 27. Rdf1 Nd6 28. Nf3 Rae8 29.
Qd2 Kh7 30. Nh2 Bc8 31. Ng4 h5 32. Nh2 f6 33. Nf3 Rf7 34. Nh4 Nf8 35. Qe2 Qd8
36. Nxg6 Nxg6 37. Qxh5+ Kg8 38. Qxg6 Kf8 39. Nh5 1-0

[Event "Speed Chess Invitational"]
[Site "chess.com INT"]
[Date "2020.10.25"]
[Round "2.1"]
[White "Andreikin, Dmitry"]
[Black "Vidit, Santosh Gujrathi"]
[Result "0-1"]
[WhiteTitle "GM"]
[BlackTitle "GM"]
[WhiteElo "2726"]
[BlackElo "2726"]
[WhiteFideId "4158814"]
[BlackFideId "5029465"]
[EventDate "2020.10.25"]

1. d4 Nf6 2. Bg5 d5 3. Nd2 c5 4. dxc5 e6 5. e4 Bxc5 6. Qe2 dxe4 7. O-O-O Be7 8.
Nxe4 Qa5 9. Bxf6 gxf6 10. Kb1 Nc6 11. Nf3 Bd7 12. Nd6+ Bxd6 13. Rxd6 Ke7 14. Rd2
Rhd8 15. Qe3 Be8 16. Bd3 Nb4 17. Bc4 Rxd2 18. Nxd2 Rd8 19. a3 Nc6 20. Nf3 Ne5
21. Nxe5 Qxe5 22. Qxa7 Bc6 23. Bd3 Bxg2 24. Rg1 Bc6 25. h4 h5 26. Qb6 Qd4 27.
Qc7+ Rd7 28. Qb8 Qe5 29. Qh8 Rd8 30. Qh6 Bf3 31. Rg7 Qe1+ 32. Qc1 Qxc1+ 33. Kxc1
Rd4 34. Bg6 f5 35. Rxf7+ Kd6 36. b4 Rxh4 37. Kd2 Re4 38. Rh7 h4 39. Kd3 Ke5 40.
c4 Kf6 41. Bh5 Bxh5 42. Rxh5 Kg6 43. Rh8 Rf4 44. c5 Rxf2 45. Rxh4 Rf3+ 46. Kc4
Rxa3 47. Kb5 Rb3 48. Kb6 Kg5 49. Rc4 f4 50. Kxb7 f3 51. c6 f2 52. c7 f1=Q 53.
c8=Q Qf3+ 54. Qc6 e5 0-1

[Event "Speed Chess Invitational"]
[Site "chess.com INT"]
[Date "2020.10.25"]
[Round "2.2"]
[White "Vidit, Santosh Gujrathi"]
[Black "Andreikin, Dmitry"]
[Result "1/2-1/2"]
[WhiteTitle "GM"]
[BlackTitle "GM"]
[WhiteElo "2726"]
[BlackElo "2726"]
[WhiteFideId "5029465"]
[BlackFideId "4158814"]
[EventDate "2020.10.25"]

1. d4 d5 2. c4 c6 3. cxd5 cxd5 4. Bf4 Nc6 5. e3 Nf6 6. Nc3 a6 7. Be2 Bf5 8. Nf3
e6 9. Qb3 Ra7 10. Ne5 Nxe5 11. Bxe5 Nd7 12. Bg3 Be7 13. O-O O-O 14. Rac1 b5 15.
a4 bxa4 16. Nxa4 Qa5 17. Ra1 Qb4 18. Qxb4 Bxb4 19. Rfc1 h6 20. Rc6 a5 21. f3 Nb8
22. Rb6 Nd7 23. Ra6 Rb7 24. Rc6 Bd2 25. Bf2 Rb3 26. Rd1 Bxe3 27. Bxe3 Rxe3 28.
Nc3 Rb8 29. Rd2 Nb6 30. Rc5 Nc4 31. Bxc4 dxc4 32. Rxc4 Rd3 33. Rxd3 Bxd3 34. Ra4
Rxb2 35. Rxa5 Rc2 36. Rc5 g5 37. h3 Kg7 38. Na4 Rd2 39. Nc3 Rc2 40. Na4 Rc4 41.
Rxc4 Bxc4 42. Kf2 f5 43. Nc5 f4 44. Nd7 Bb5 45. Ne5 h5 46. g3 h4 47. gxf4 gxf4
48. Kg2 Kf6 49. Ng4+ Kf5 50. Ne5 Kf6 51. Ng4+ Kf5 52. Ne5 Kf6 1/2-1/2

[Event "Speed Chess Invitational"]
[Site "chess.com INT"]
[Date "2020.10.25"]
[Round "2.3"]
[White "Andreikin, Dmitry"]
[Black "Vidit, Santosh Gujrathi"]
[Result "0-1"]
[WhiteTitle "GM"]
[BlackTitle "GM"]
[WhiteElo "2726"]
[BlackElo "2726"]
[WhiteFideId "4158814"]
[BlackFideId "5029465"]
[EventDate "2020.10.25"]

1. d4 Nf6 2. Bg5 d5 3. Nd2 c5 4. dxc5 e6 5. e4 Bxc5 6. Qe2 dxe4 7. O-O-O Be7 8.
Nxe4 Qa5 9. Bxf6 gxf6 10. Kb1 Nc6 11. Nf3 Bd7 12. Nd6+ Bxd6 13. Rxd6 Ke7 14. Rd3
Rhd8 15. Ra3 Qc5 16. Rc3 Qa5 17. Ra3 Qc5 18. Qe4 Qxf2 19. Bd3 Qxg2 20. Rg1 Qf2
21. Rf1 Qc5 22. Rc3 Qd5 23. Qh4 h5 24. Be4 Qa5 25. a3 Rg8 26. b4 Qc7 27. b5 Rg4
28. Qe1 Qb6 29. Rb3 Na5 30. Rb4 Rc8 31. Bd3 Nc4 32. Ka1 Nxa3 33. Rxg4 hxg4 34.
Qb4+ Qc5 35. Qxg4 Nxc2+ 36. Bxc2 Qc3+ 0-1

[Event "Speed Chess Invitational"]
[Site "chess.com INT"]
[Date "2020.10.25"]
[Round "2.4"]
[White "Vidit, Santosh Gujrathi"]
[Black "Andreikin, Dmitry"]
[Result "1/2-1/2"]
[WhiteTitle "GM"]
[BlackTitle "GM"]
[WhiteElo "2726"]
[BlackElo "2726"]
[WhiteFideId "5029465"]
[BlackFideId "4158814"]
[EventDate "2020.10.25"]

1. d4 d5 2. c4 c6 3. cxd5 cxd5 4. Bf4 Nc6 5. e3 Nf6 6. Nc3 a6 7. Be2 Bf5 8. Nf3
e6 9. Qb3 Ra7 10. Ne5 Nxe5 11. Bxe5 Nd7 12. Bg3 Be7 13. O-O O-O 14. Rfc1 b5 15.
a4 b4 16. Na2 Qa5 17. Rc6 Nb8 18. Bxb8 Rxb8 19. Rac1 h6 20. Bd3 Bxd3 21. Rc8+
Rxc8 22. Rxc8+ Bf8 23. Qxd3 Qxa4 24. Nc1 a5 25. g3 Qd7 26. Qc2 a4 27. Qc5 Qe7
28. Qxe7 Rxe7 29. Ra8 Rc7 30. Nd3 a3 31. bxa3 bxa3 32. Nc5 g5 33. Kg2 Kg7 34.
Rxa3 Bxc5 35. dxc5 Rxc5 36. Ra7 g4 37. h3 h5 38. hxg4 hxg4 39. Ra4 f5 40. Ra6
Kf6 41. Kf1 Ke5 42. Kg2 Rb5 43. Rc6 Rb4 44. Ra6 Rb8 45. Rc6 Ra8 46. Rb6 Rd8 47.
Ra6 Rd6 48. Ra4 Rc6 49. Ra5 Ke4 50. Ra4+ Rc4 51. Ra6 e5 52. Re6 Rc8 53. Re7 Rc6
54. Re8 Ra6 55. Re7 Ra4 56. Re8 d4 57. exd4 Rxd4 58. Re7 Rd5 59. Re8 Kd3 60. Rf8
Ke4 61. Re8 Ra5 62. Re7 Ra2 63. Re8 Kd5 64. Rd8+ Ke6 65. Re8+ Kf6 66. Rf8+ Kg6
67. Re8 Ra5 68. Re6+ Kg5 69. Re8 f4 70. gxf4+ exf4 71. Rg8+ Kf5 72. Rf8+ Ke4 73.
Re8+ Re5 74. Rg8 Kf5 75. Rf8+ Kg5 76. Rg8+ Kh4 77. Rh8+ Rh5 78. Rg8 Rh7 79. f3
gxf3+ 80. Kxf3 Kh5 81. Kxf4 Rf7+ 82. Ke5 Kh4 83. Ke6 Rf4 84. Rg6 Rg4 85. Rxg4+
Kxg4 1/2-1/2

[Event "Speed Chess Invitational"]
[Site "chess.com INT"]
[Date "2020.10.25"]
[Round "2.6"]
[White "Vidit, Santosh Gujrathi"]
[Black "Andreikin, Dmitry"]
[Result "0-1"]
[WhiteTitle "GM"]
[BlackTitle "GM"]
[WhiteElo "2726"]
[BlackElo "2726"]
[WhiteFideId "5029465"]
[BlackFideId "4158814"]
[EventDate "2020.10.25"]

1. d4 Nf6 2. c4 e6 3. Nf3 d5 4. g3 Bb4+ 5. Bd2 Be7 6. Bg2 O-O 7. O-O c6 8. Qc2
Nbd7 9. Rd1 Ne4 10. Nc3 Nxd2 11. Nxd2 f5 12. Rab1 a5 13. a3 Nf6 14. b4 axb4 15.
axb4 Bd6 16. b5 f4 17. Nf3 Qe8 18. Ra1 Rxa1 19. Rxa1 fxg3 20. hxg3 Ng4 21. Ra8
Qh5 22. bxc6 bxc6 23. Nd1 Bd7 24. Rxf8+ Bxf8 25. cxd5 exd5 26. Nb2 Bd6 27. Nd3
Qf5 28. Bh3 Qh5 29. Bxg4 Qxg4 30. Nde5 Bxe5 31. Nxe5 Qe6 32. Qc5 Be8 33. Qa7 h6
34. Qc7 Kh7 35. f3 Kg8 36. Kg2 Kh7 37. g4 Kg8 38. Kg3 Kh7 39. f4 h5 40. f5 Qh6
41. Qd8 Qe3+ 42. Nf3 hxg4 43. Kxg4 Qxe2 44. Kg3 Qe3 45. Kg4 Bh5+ 46. Kxh5 Qxf3+
47. Kg5 Qg3+ 48. Kh5 Qh3+ 49. Kg5 Qe3+ 50. Kh5 Qxd4 51. Qe8 Qd1+ 52. Kg5 Qg1+
53. Kh5 Qh1+ 54. Kg5 Qg2+ 55. Kh5 Qf3+ 56. Kg5 Qg3+ 57. Kh5 Qh3+ 58. Kg5 Qg3+
59. Kh5 d4 60. Qxc6 Qh3+ 61. Kg5 Qg3+ 62. Kh5 Qh3+ 63. Kg5 Qh6+ 64. Qxh6+ gxh6+
65. Kf4 h5 66. Ke4 h4 67. Kxd4 h3 68. Ke3 h2 69. Kf2 h1=Q 0-1

[Event "Speed Chess Invitational"]
[Site "chess.com INT"]
[Date "2020.10.25"]
[Round "2.7"]
[White "Andreikin, Dmitry"]
[Black "Vidit, Santosh Gujrathi"]
[Result "1/2-1/2"]
[WhiteTitle "GM"]
[BlackTitle "GM"]
[WhiteElo "2726"]
[BlackElo "2726"]
[WhiteFideId "4158814"]
[BlackFideId "5029465"]
[EventDate "2020.10.25"]

1. d4 Nf6 2. c4 e6 3. Nf3 d5 4. Nc3 Bb4 5. Qa4+ Nc6 6. e3 O-O 7. Bd2 dxc4 8.
Bxc4 Bd6 9. Qc2 e5 10. dxe5 Nxe5 11. Nxe5 Bxe5 12. f4 Bxc3 13. Bxc3 Ng4 14. Bd4
c5 15. Bxc5 Re8 16. O-O b6 17. Bd4 Nxe3 18. Bxe3 Rxe3 19. Rad1 Qf6 20. Bd5 Bf5
21. Qc7 Re7 22. Qxe7 Qxe7 23. Bxa8 g6 24. Bf3 Qb4 25. Rf2 Qxf4 26. h3 Qe3 27. a3
Be6 28. Rd2 Kg7 29. Kh2 Qe5+ 30. Kg1 h5 31. Rfe2 Qc5+ 32. Kh1 Qc1+ 33. Kh2 Qc7+
34. Kg1 Qc5+ 35. Kh2 Qc7+ 36. Kg1 Qc5+ 1/2-1/2

[Event "Speed Chess Invitational"]
[Site "chess.com INT"]
[Date "2020.10.25"]
[Round "2.8"]
[White "Vidit, Santosh Gujrathi"]
[Black "Andreikin, Dmitry"]
[Result "1-0"]
[WhiteTitle "GM"]
[BlackTitle "GM"]
[WhiteElo "2726"]
[BlackElo "2726"]
[WhiteFideId "5029465"]
[BlackFideId "4158814"]
[EventDate "2020.10.25"]

1. d4 Nf6 2. c4 e6 3. Nf3 d5 4. g3 Bb4+ 5. Bd2 Be7 6. Bg2 O-O 7. O-O Nbd7 8. Qc2
c6 9. Rd1 a5 10. b3 Ne4 11. Bf4 f5 12. Nc3 g5 13. Bc1 Bf6 14. Bb2 Qe8 15. e3 Qh5
16. Nxe4 fxe4 17. Ne5 Bxe5 18. dxe5 g4 19. Qc3 Rf5 20. cxd5 exd5 21. Bxe4 dxe4
22. Rxd7 Rxf2 23. Rd8+ Kf7 24. Kxf2 Qxh2+ 25. Ke1 Qxg3+ 26. Kd2 Qf2+ 27. Kc1 Be6
28. Rd2 Qf3 29. Kc2 g3 30. Rg1 Rg8 31. Qxa5 h5 32. Qc7+ Kg6 33. Qe7 Bg4 34. Rd6+
Kf5 35. Qf6# 1-0

[Event "Speed Chess Invitational"]
[Site "chess.com INT"]
[Date "2020.10.25"]
[Round "2.9"]
[White "Andreikin, Dmitry"]
[Black "Vidit, Santosh Gujrathi"]
[Result "0-1"]
[WhiteTitle "GM"]
[BlackTitle "GM"]
[WhiteElo "2726"]
[BlackElo "2726"]
[WhiteFideId "4158814"]
[BlackFideId "5029465"]
[EventDate "2020.10.25"]

1. e4 e5 2. Nf3 Nc6 3. Bb5 Nf6 4. O-O Nxe4 5. d4 Nd6 6. dxe5 Nxb5 7. a4 Nbd4 8.
Nxd4 d6 9. exd6 Bxd6 10. Nb5 O-O 11. Nxd6 cxd6 12. Na3 d5 13. Nb5 d4 14. Bf4 a6
15. Nc7 Ra7 16. c4 b6 17. Nd5 Be6 18. Qb3 Na5 19. Qxb6 Qxb6 20. Nxb6 Nxc4 21. a5
Nxb2 22. Rab1 Nd3 23. Bg3 Rd8 24. Rfd1 Nc5 25. f3 h6 26. Bf2 Nb3 27. Na4 Rc7 28.
Rd3 Nxa5 29. h3 Nb3 30. Kh2 Rc2 31. Bh4 Rd7 32. Nb6 Rd6 33. Na4 Ra2 34. Bg3 Rc6
35. Nb2 Rc2 36. Nd1 Rxg2+ 37. Kh1 Rxg3 0-1

[Event "Speed Chess Invitational"]
[Site "chess.com INT"]
[Date "2020.10.25"]
[Round "2.10"]
[White "Vidit, Santosh Gujrathi"]
[Black "Andreikin, Dmitry"]
[Result "1-0"]
[WhiteTitle "GM"]
[BlackTitle "GM"]
[WhiteElo "2726"]
[BlackElo "2726"]
[WhiteFideId "5029465"]
[BlackFideId "4158814"]
[EventDate "2020.10.25"]

1. d4 Nf6 2. c4 c5 3. Nf3 cxd4 4. Nxd4 e5 5. Nb5 d5 6. cxd5 a6 7. N5c3 e4 8. Bg5
h6 9. Bxf6 Qxf6 10. e3 Qe5 11. Nd2 f5 12. Nc4 Qf6 13. d6 Be6 14. Nd5 Bxd5 15.
Qxd5 Nc6 16. O-O-O O-O-O 17. Kb1 Kb8 18. Be2 g6 19. Rd2 Rh7 20. Rhd1 Rhd7 21.
Qc5 Bg7 22. Qa3 Qe6 23. Nb6 Rf7 24. Bc4 Qf6 25. Bxf7 Qxf7 26. Qb3 Qxb3 27. axb3
Ne5 28. d7 Nd3 29. Rxd3 exd3 30. Rxd3 Kc7 31. Nd5+ Kxd7 32. Nf4+ Ke7 33. Rxd8
Kxd8 34. Ne6+ Ke7 35. Nxg7 Kf7 36. Nxf5 gxf5 37. Kc2 1-0

[Event "Speed Chess Invitational"]
[Site "chess.com INT"]
[Date "2020.10.25"]
[Round "3.1"]
[White "Duda, Jan-Krzysztof"]
[Black "Grischuk, Alexander"]
[Result "1-0"]
[WhiteTitle "GM"]
[BlackTitle "GM"]
[WhiteElo "2757"]
[BlackElo "2777"]
[WhiteFideId "1170546"]
[BlackFideId "4126025"]
[EventDate "2020.10.25"]

1. e4 e5 2. Nf3 Nc6 3. Bc4 Bc5 4. c3 Nf6 5. d3 d6 6. O-O O-O 7. Bg5 h6 8. Bh4 a6
9. a4 Ba7 10. Nbd2 g5 11. Bg3 Nh7 12. b4 Kh8 13. b5 Na5 14. Ba2 f5 15. exf5 Bxf5
16. d4 h5 17. Nxe5 h4 18. Nf7+ Rxf7 19. Bxf7 Qf6 20. Ba2 Qg6 21. Re1 Rf8 22. Re7
Bb6 23. Nf3 hxg3 24. hxg3 c5 25. bxc6 Bd8 26. Rxb7 Nxb7 27. cxb7 Bc7 28. Qe2 Re8
29. Qxa6 Nf6 30. a5 Be4 31. Qb5 Bxf3 32. gxf3 Kg7 33. Bc4 Rh8 34. Bf1 d5 35. a6
Qc2 36. Qe2 Qxc3 37. Rd1 Re8 38. Qxe8 Nxe8 39. a7 Qb3 40. Ra1 Bxg3 41. a8=Q 1-0

[Event "Speed Chess Invitational"]
[Site "chess.com INT"]
[Date "2020.10.25"]
[Round "3.2"]
[White "Grischuk, Alexander"]
[Black "Duda, Jan-Krzysztof"]
[Result "1-0"]
[WhiteTitle "GM"]
[BlackTitle "GM"]
[WhiteElo "2777"]
[BlackElo "2757"]
[WhiteFideId "4126025"]
[BlackFideId "1170546"]
[EventDate "2020.10.25"]

1. d4 Nf6 2. c4 e6 3. Nf3 d5 4. Nc3 c6 5. Bg5 Nbd7 6. e3 Qa5 7. Nd2 dxc4 8. Bxf6
Nxf6 9. Nxc4 Qc7 10. g3 c5 11. Bg2 cxd4 12. Qxd4 Bd7 13. Qf4 Rc8 14. Qxc7 Rxc7
15. Ne5 Bb4 16. O-O Bxc3 17. bxc3 Ke7 18. c4 b6 19. a4 Rc5 20. f4 Rhc8 21. a5
bxa5 22. Nd3 Rxc4 23. Rxa5 Rc3 24. Ne5 R8c7 25. Kf2 Rc2+ 26. Kg1 Bc8 27. Rfa1 a6
28. R5a2 Rxa2 29. Rxa2 Nd5 30. Bxd5 exd5 31. Kf2 Kd6 32. Ke2 f6 33. Nf3 Rc1 34.
Nd4 Rh1 35. Kf3 h5 36. Rb2 Rc1 37. f5 Kc7 38. Ra2 Rc4 39. h3 Kb6 40. Rb2+ Ka7
41. Ra2 Bd7 42. g4 hxg4+ 43. hxg4 Kb6 44. Rb2+ Ka7 45. Ra2 Rc7 46. Kf4 Kb6 47.
Rb2+ Bb5 48. g5 Re7 49. Ne6 Kc6 50. g6 Kd6 51. Nd4 Rb7 52. Rh2 a5 53. Rb2 Kc5
54. Ne6+ 1-0

[Event "Speed Chess Invitational"]
[Site "chess.com INT"]
[Date "2020.10.25"]
[Round "3.3"]
[White "Duda, Jan-Krzysztof"]
[Black "Grischuk, Alexander"]
[Result "1-0"]
[WhiteTitle "GM"]
[BlackTitle "GM"]
[WhiteElo "2757"]
[BlackElo "2777"]
[WhiteFideId "1170546"]
[BlackFideId "4126025"]
[EventDate "2020.10.25"]

1. e4 c5 2. Nf3 d6 3. d4 cxd4 4. Nxd4 Nf6 5. Nc3 a6 6. h3 e5 7. Nde2 h5 8. Bg5
Be6 9. Bxf6 Qxf6 10. Nd5 Qd8 11. Qd3 Nd7 12. O-O-O g6 13. Kb1 Rc8 14. Nec3 Bg7
15. h4 O-O 16. f3 Bh6 17. Qe2 Nb6 18. g4 hxg4 19. fxg4 Bxd5 20. Nxd5 Nxd5 21.
exd5 Bf4 22. h5 g5 23. Qf3 e4 24. Qxe4 Re8 25. Qb4 b5 26. Bd3 Rc5 27. Rhf1 a5
28. Qb3 b4 29. Rde1 Rxe1+ 30. Rxe1 Kg7 31. Bf5 Qf6 32. Re8 Be5 33. a3 bxa3 34.
h6+ Qxh6 35. Qb8 Qh1+ 36. Ka2 Qxd5+ 37. Kxa3 Rb5 38. Rg8+ 1-0